[Event "Porta- Nienberge"]
[Site "?"]
[Date "2023.03.12"]
[Round "6.4"]
[White "Roos, Jonas"]
[Black "Ringwelski, Marius"]
[Result "1/2-1/2"]
[WhiteElo "1895"]
[BlackElo "2002"]
[PlyCount "84"]
[SourceVersionDate "2023.06.22"]

1. Nf3 Nf6 2. b3 g6 3. Bb2 Bg7 4. c4 O-O 5. g3 c5 6. Bg2 Nc6 7. O-O d6 8. Nc3
e5 9. Rc1 a6 10. e3 Ne8 11. Nd5 e4 12. Bxg7 exf3 13. Bxf8 fxg2 14. Kxg2 Kxf8
15. d4 cxd4 16. exd4 Nf6 17. Ne3 d5 18. cxd5 Nxd5 19. Qf3 Be6 20. Rc5 Nce7 21.
Kg1 b6 22. Rc2 Rc8 23. Rfc1 Rxc2 24. Rxc2 Qd7 25. Nc4 Nb4 26. Rd2 Nbd5 27. Rc2
Nf5 28. Ne5 Qb5 29. Nc6 Nf6 30. g4 Bd5 31. Qf4 Qd3 32. Rc1 Nh4 33. Nb4 Nf3+ 34.
Kh1 Qe4 35. Nxd5 Qxd5 36. Qg3 Nxd4+ 37. Qg2 Ne4 38. Re1 Nxf2+ 39. Kg1 Qxg2+ 40.
Kxg2 Nxg4 41. Re4 Nxb3 42. axb3 Nf6 1/2-1/2

[Event "Porta- Nienberge"]
[Site "?"]
[Date "2023.03.12"]
[Round "6.5"]
[White "Keller, Dirk"]
[Black "Ringe, Christian"]
[Result "1-0"]
[WhiteElo "1964"]
[BlackElo "1851"]
[PlyCount "67"]
[SourceVersionDate "2023.06.22"]

1. c4 Nf6 2. g3 e6 3. Bg2 d5 4. Nf3 Be7 5. O-O O-O 6. b3 b6 7. Bb2 Bb7 8. e3 c5
9. Nc3 Nc6 10. cxd5 exd5 11. d4 cxd4 12. Nxd4 Nxd4 13. Qxd4 Bc5 14. Qd3 Qd7 15.
Rfd1 Rad8 16. Ne2 Qe7 17. Nd4 Bc8 18. Nc6 Qd6 19. Nxd8 Rxd8 20. h3 Qe6 21. Rac1
Bb7 22. Bd4 Bd6 23. Bxf6 Qxf6 24. Qb5 Qb2 25. Bxd5 Bxd5 26. Qxd5 h6 27. Qd2 Qe5
28. Qd4 Qh5 29. Qg4 Qe5 30. Rd4 Re8 31. Qf4 Qc5 32. Rxc5 Bxf4 33. Rc6 Bb8 34.
Rdc4 1-0

[Event "Iserlohn- Werther"]
[Site "?"]
[Date "2023.03.12"]
[Round "6.1"]
[White "Freiberger, Jonas"]
[Black "Eckardt, Joshua"]
[Result "0-1"]
[WhiteElo "2230"]
[BlackElo "2257"]
[PlyCount "46"]
[SourceVersionDate "2023.06.22"]

1. e4 e6 2. d4 d5 3. e5 c5 4. c3 Nc6 5. Nf3 Bd7 6. dxc5 Bxc5 7. Bd3 f6 8. Bf4
fxe5 9. Bxe5 Nf6 10. Qc2 O-O 11. Bxf6 Qxf6 12. Bxh7+ Kh8 13. Nbd2 e5 14. O-O-O
Qh6 15. Qb3 Be6 16. Bc2 e4 17. Qxb7 exf3 18. Qxc6 Rac8 19. Qa6 fxg2 20. Rhg1
Bh3 21. Qb7 Bxf2 22. Rge1 Bxe1 23. Rxe1 Rf1 0-1

[Event "Iserlohn- Werther"]
[Site "?"]
[Date "2023.03.12"]
[Round "6.2"]
[White "Messarius, Juergen"]
[Black "Goecke, Karl Ulrich"]
[Result "0-1"]
[WhiteElo "2184"]
[BlackElo "2131"]
[PlyCount "56"]
[SourceVersionDate "2023.06.22"]

1. e4 c6 2. d4 d5 3. e5 c5 4. dxc5 e6 5. Be3 Nd7 6. Bb5 Ne7 7. f4 Qa5+ 8. Nc3
a6 9. Bxd7+ Bxd7 10. g4 h5 11. a3 hxg4 12. b4 Qc7 13. Qxg4 b6 14. Nd1 Nf5 15.
Bf2 bxc5 16. c3 d4 17. cxd4 Bc6 18. Nf3 Qb7 19. Ke2 cxd4 20. Nb2 Bb5+ 21. Kd2
a5 22. Rhe1 axb4 23. a4 Bc6 24. Nh4 Nxh4 25. Bxh4 b3 26. Nd3 Bf3 27. Qg3 Bb4+
28. Kc1 Qc6+ 0-1

[Event "Iserlohn- Werther"]
[Site "?"]
[Date "2023.03.12"]
[Round "6.3"]
[White "Kraetzer, Ruediger"]
[Black "Kind, Bertram"]
[Result "1/2-1/2"]
[WhiteElo "1961"]
[BlackElo "2152"]
[PlyCount "66"]
[SourceVersionDate "2023.06.22"]

1. d4 Nf6 2. Bg5 c6 3. c3 d5 4. Nd2 Bf5 5. Ngf3 Nbd7 6. e3 h6 7. Bh4 e6 8. Be2
Be7 9. O-O O-O 10. Qb3 Qb6 11. Rfc1 g5 12. Bg3 Qxb3 13. axb3 a6 14. Ne5 Nxe5
15. Bxe5 Nd7 16. Bg3 Rac8 17. f3 c5 18. Bf2 cxd4 19. exd4 e5 20. b4 Bf6 21. Nb3
Rfe8 22. Bf1 Re7 23. dxe5 Bxe5 24. Nd4 Bxd4 25. Bxd4 Ne5 26. Bxe5 Rxe5 27. Kf2
Kg7 28. Rd1 Bc2 29. Rd4 Rce8 30. b5 axb5 31. Bxb5 R8e7 32. Rd2 Bb3 33. Re2 Kf6
1/2-1/2

[Event "Iserlohn- Werther"]
[Site "?"]
[Date "2023.03.12"]
[Round "6.4"]
[White "Klauke, Stefan"]
[Black "Ortpaul, Mario"]
[Result "0-1"]
[WhiteElo "2087"]
[BlackElo "1914"]
[PlyCount "104"]
[SourceVersionDate "2023.06.22"]

1. e4 d5 2. exd5 Qxd5 3. Nc3 Qd6 4. d4 Nf6 5. Nge2 c6 6. g3 Bg4 7. Bg2 Nbd7 8.
Bf4 Qb4 9. O-O e6 10. Qd2 Be7 11. Rfe1 O-O 12. Bc7 Bd8 13. a3 Qe7 14. Bf4 Nb6
15. b3 Bc7 16. h3 Bf5 17. Bxc7 Qxc7 18. Rac1 Rfd8 19. Red1 Rd7 20. Qe3 Rad8 21.
g4 Bg6 22. a4 Nbd5 23. Nxd5 exd5 24. Ng3 Re7 25. Qd2 Rde8 26. c4 dxc4 27. bxc4
Ne4 28. Nxe4 Bxe4 29. Bxe4 Rxe4 30. Re1 Qe7 31. Kf1 Qa3 32. Kg2 Qxa4 33. Qf4
Rxe1 34. Rxe1 Rf8 35. c5 Qb4 36. Re7 h6 37. Qe5 Qb3 38. f3 a5 39. h4 a4 40. h5
Qb2+ 41. Kg3 Qb1 42. Re8 Rxe8 43. Qxe8+ Kh7 44. Qxf7 a3 45. f4 Qg1+ 46. Kh3
Qh1+ 47. Kg3 Qd5 48. Qxb7 a2 49. Qa8 Qb3+ 50. Kh4 Qb2 51. g5 hxg5+ 52. fxg5
Qxd4+ 0-1

[Event "Iserlohn- Werther"]
[Site "?"]
[Date "2023.03.12"]
[Round "6.5"]
[White "Hufendiek, Ekkehard"]
[Black "Runtemund, Rene"]
[Result "0-1"]
[WhiteElo "1903"]
[BlackElo "2082"]
[Annotator "daniel"]
[PlyCount "92"]
[SourceVersionDate "2023.06.22"]

1. e4 g6 2. d4 Bg7 3. Bc4 e6 4. Nf3 b6 5. Nc3 d6 6. Bf4 Ne7 7. Qd2 a6 8. a4 h6
9. d5 e5 10. Be3 Nd7 11. g4 Nf6 12. h3 g5 $11 13. Ng1 Ng6 14. Nge2 Nf4 15. Bxf4
gxf4 16. O-O-O Bd7 17. Qd3 Qc8 18. Ng1 Qb7 19. Nf3 Nh7 20. Rdg1 Bf6 21. b3 Ng5
22. h4 Nxf3 23. Qxf3 b5 24. Be2 bxa4 25. bxa4 h5 26. gxh5 Qb4 27. Qd3 Bxa4 28.
Nxa4 Qxa4 29. h6 Ke7 30. Qc3 Ra7 31. Bd3 Rxh6 32. h5 a5 33. Rg8 Rb7 34. Ra8 f3
35. Rg1 Rxh5 36. Rxa5 Qd4 37. Qxd4 exd4 38. Rb5 Ra7 39. Rg3 Rh1+ 40. Kd2 Raa1
41. c4 dxc3+ 42. Ke3 Rad1 43. Bc2 Rd2 44. Ba4 Bd4+ 45. Kxf3 Rxf2+ 46. Kg4 c2
0-1

[Event "Hemer- Steinfurt"]
[Site "?"]
[Date "2023.03.12"]
[Round "6.1"]
[White "Rieke, Theo"]
[Black "Runte, Moritz"]
[Result "0-1"]
[WhiteElo "1957"]
[BlackElo "2176"]
[PlyCount "68"]
[SourceVersionDate "2023.06.22"]

1. Nf3 d5 2. b3 Bf5 3. Bb2 e6 4. e3 h6 5. c4 Nf6 6. Be2 Be7 7. O-O O-O 8. Ne5
Nbd7 9. f4 Bh7 10. d3 c6 11. Nd2 Nxe5 12. fxe5 Nd7 13. Nf3 b5 14. Qd2 Qb6 15.
cxb5 cxb5 16. Bd4 Bc5 17. Bxc5 Nxc5 18. Rac1 Rac8 19. Rc2 Rc7 20. Rfc1 Rfc8 21.
b4 Nd7 22. Rxc7 Rxc7 23. d4 a6 24. Ne1 f6 25. Bg4 Rc4 26. Be2 Rc6 27. exf6 Nxf6
28. Bd3 Be4 29. Rc5 Bxd3 30. Nxd3 Ne4 31. Rxc6 Qxc6 32. Ne5 Qc7 33. Qe2 Qc1+
34. Qf1 Qxe3+ 0-1

[Event "Hemer- Steinfurt"]
[Site "?"]
[Date "2023.03.12"]
[Round "6.2"]
[White "Schmuecker, Marcus"]
[Black "Arming, Marcus"]
[Result "0-1"]
[WhiteElo "2193"]
[BlackElo "1972"]
[PlyCount "36"]
[SourceVersionDate "2023.06.22"]

1. d4 d5 2. Nf3 Bg4 3. Ne5 Bf5 4. g4 Be4 5. f3 f6 6. fxe4 fxe5 7. dxe5 e6 8.
Bf4 g5 9. Bg3 d4 10. e3 Bb4+ 11. c3 dxc3 12. Qa4+ Nc6 13. Nxc3 Nh6 14. Bb5 O-O
15. Bxc6 Bxc3+ 16. bxc3 bxc6 17. Qxc6 Qd3 18. Qxe6+ Kh8 0-1

[Event "Hemer- Steinfurt"]
[Site "?"]
[Date "2023.03.12"]
[Round "6.3"]
[White "Haselhorst, Helmut"]
[Black "Leonard, Timo"]
[Result "0-1"]
[WhiteElo "1995"]
[BlackElo "2206"]
[PlyCount "78"]
[SourceVersionDate "2023.06.22"]

1. e4 e6 2. d3 d5 3. Nd2 Nf6 4. Ngf3 Be7 5. g3 a5 6. Bg2 a4 7. a3 c5 8. O-O Nc6
9. Re1 O-O 10. e5 Nd7 11. Nf1 b5 12. h4 b4 13. Bf4 Nb6 14. Ng5 c4 15. c3 bxc3
16. bxc3 h6 17. Nh3 cxd3 18. Qxd3 Nc4 19. Nd2 Ba6 20. Nxc4 Bxc4 21. Qd2 Re8 22.
Kh1 Bf8 23. Rg1 Na5 24. Rae1 Nb3 25. Qc2 Bxa3 26. g4 Qxh4 27. g5 hxg5 28. Bxg5
Qh7 29. Qxh7+ Kxh7 30. Bf3 Be7 31. Bh5 g6 32. Bf3 Bxg5 33. Nxg5+ Kg7 34. Rg4 a3
35. Rf4 Ra7 36. Kg2 a2 37. Rh1 Rh8 38. Rxh8 Kxh8 39. Nxf7+ Rxf7 0-1

[Event "Hemer- Steinfurt"]
[Site "?"]
[Date "2023.03.12"]
[Round "6.4"]
[White "Stoering, Marc"]
[Black "Janning, Rainer"]
[Result "1/2-1/2"]
[WhiteElo "1932"]
[BlackElo "1877"]
[PlyCount "33"]
[SourceVersionDate "2023.06.22"]

1. c4 e5 2. Nc3 Bb4 3. g3 d6 4. Bg2 c6 5. Qc2 f5 6. d3 Nf6 7. Bd2 Be6 8. Nf3
Nbd7 9. a3 Bxc3 10. Bxc3 O-O 11. Ng5 Qe7 12. O-O Kh8 13. Nxe6 Qxe6 14. b4 Rac8
15. Rac1 a6 16. Bb2 f4 17. b5 1/2-1/2

[Event "Hemer- Steinfurt"]
[Site "?"]
[Date "2023.03.12"]
[Round "6.6"]
[White "Poggemann, Alexander"]
[Black "Raus, Michael"]
[Result "1/2-1/2"]
[WhiteElo "1718"]
[BlackElo "1922"]
[PlyCount "41"]
[SourceVersionDate "2023.06.22"]

1. e4 e6 2. d4 d5 3. exd5 exd5 4. Nf3 Bd6 5. c4 c6 6. Nc3 Nf6 7. Bd3 O-O 8. O-O
dxc4 9. Bxc4 Bg4 10. Bg5 Nbd7 11. Ne4 Be7 12. Ng3 Nb6 13. Bb3 Nfd5 14. Bxe7
Qxe7 15. h3 Bxf3 16. Qxf3 Qf6 17. Qxf6 Nxf6 18. Rfe1 Nbd5 19. Nf5 Rfd8 20. Rad1
Kf8 21. Re2 1/2-1/2

[Event "Herford- Bielefeld 2"]
[Site "?"]
[Date "2023.03.12"]
[Round "6.1"]
[White "Pollmueller, Michael"]
[Black "Loemker, Michael"]
[Result "1/2-1/2"]
[WhiteElo "2142"]
[BlackElo "2091"]
[PlyCount "72"]
[SourceVersionDate "2023.06.22"]

1. d4 g6 2. Nf3 Bg7 3. g3 Nf6 4. Bg2 O-O 5. O-O d6 6. c4 Nbd7 7. Nc3 e5 8. e4
c6 9. Qc2 a5 10. Rd1 exd4 11. Nxd4 Re8 12. Bf4 Bf8 13. h3 Qb6 14. Na4 Qa7 15.
Rac1 Nc5 16. Nc3 Nh5 17. Be3 Qb8 18. g4 Ng7 19. Nde2 Qc7 20. Ng3 Bd7 21. Re1
Rab8 22. Qd2 Be6 23. b3 b5 24. cxb5 cxb5 25. Nd5 Bxd5 26. exd5 Qd8 27. Red1 Nd7
28. Bg5 f6 29. Be3 a4 30. bxa4 bxa4 31. Ne4 Rc8 32. Rxc8 Qxc8 33. Qd4 f5 34.
Ng3 Qc2 35. Rd2 Qb1+ 36. Kh2 a3 1/2-1/2

[Event "Herford- Bielefeld 2"]
[Site "?"]
[Date "2023.03.12"]
[Round "6.2"]
[White "Quelle, Helmut"]
[Black "Koehler, Justus"]
[Result "1/2-1/2"]
[WhiteElo "2066"]
[BlackElo "2020"]
[PlyCount "90"]
[SourceVersionDate "2023.06.22"]

1. Nf3 Nf6 2. g3 g6 3. Bg2 Bg7 4. O-O O-O 5. c4 d6 6. d4 Nc6 7. d5 Na5 8. Qa4
c5 9. Bd2 b6 10. Bc3 Bf5 11. Nbd2 Ne4 12. Bxg7 Kxg7 13. Qc2 Nxd2 14. Qc3+ Kg8
15. Nxd2 Bd7 16. e4 b5 17. b3 Qb6 18. Rab1 Rab8 19. Rfe1 f6 20. cxb5 Qxb5 21.
f4 Qb4 22. Rbc1 Rfc8 23. e5 fxe5 24. fxe5 Qxc3 25. Rxc3 c4 26. exd6 cxb3 27.
Rxc8+ Rxc8 28. axb3 exd6 29. Ne4 Kf8 30. Nxd6 Rb8 31. Ra1 Nxb3 32. Rxa7 Nc5 33.
Ra1 Rb4 34. Re1 Rd4 35. Ne4 Nxe4 36. Bxe4 Rd2 37. Bf3 Kf7 38. h4 Kf6 39. Re3 h6
40. Kf1 g5 41. Ke1 Rd4 42. hxg5+ hxg5 43. Rb3 Ke5 44. Ke2 Ra4 45. Ke3 Bf5
1/2-1/2

[Event "Herford- Bielefeld 2"]
[Site "?"]
[Date "2023.03.12"]
[Round "6.3"]
[White "Schnitker, Rainer"]
[Black "Hiller, Stefan"]
[Result "0-1"]
[WhiteElo "1989"]
[BlackElo "1967"]
[PlyCount "82"]
[SourceVersionDate "2023.06.22"]

1. Nf3 g6 2. c4 Bg7 3. Nc3 c5 4. g3 b6 5. Bg2 Bb7 6. O-O Nc6 7. e3 Nh6 8. d4
O-O 9. d5 Na5 10. Qd3 d6 11. e4 f6 12. Bd2 Bc8 13. h3 Bd7 14. Rfe1 a6 15. Rab1
Qc8 16. Kh2 b5 17. b3 b4 18. Ne2 Nb7 19. Nf4 Nf7 20. Qe2 a5 21. Ne6 Bxe6 22.
dxe6 Nfd8 23. h4 a4 24. h5 g5 25. Bh3 axb3 26. axb3 h6 27. Be3 Qc7 28. Bf5 Nc6
29. Red1 Ra3 30. Nd2 Rfa8 31. f4 Nd4 32. Bxd4 cxd4 33. Qf2 d3 34. e5 dxe5 35.
fxg5 Nc5 36. gxh6 Bxh6 37. Qf3 Ra2 38. Qg4+ Bg5 39. h6 Qc8 40. Qh5 Qe8 41. Bg6
Qf8 0-1

[Event "Herford- Bielefeld 2"]
[Site "?"]
[Date "2023.03.12"]
[Round "6.4"]
[White "Klemme, Thomas"]
[Black "Nagel, Jens"]
[Result "1-0"]
[WhiteElo "1971"]
[BlackElo "1941"]
[PlyCount "87"]
[SourceVersionDate "2023.06.22"]

1. b3 b6 2. Bb2 Bb7 3. e3 c5 4. f4 e6 5. Nf3 Nf6 6. Be2 Be7 7. O-O Nc6 8. Qe1
O-O 9. Qg3 Ne8 10. d3 Bf6 11. c3 Qc7 12. e4 d6 13. Na3 a6 14. Nc2 g6 15. Ne3
Bg7 16. f5 Nf6 17. fxg6 fxg6 18. Ng5 Rae8 19. Qh3 Qe7 20. Qg3 Nd8 21. Nc4 Nd7
22. h4 b5 23. Ne3 d5 24. Bf3 Be5 25. Qe1 Qd6 26. d4 Bh2+ 27. Kh1 dxe4 28. Nxe4
Bxe4 29. Bxe4 Bg3 30. Qe2 Rf4 31. Rxf4 Qxf4 32. Nf1 Qxh4+ 33. Kg1 Bc7 34. Bf3
Rf8 35. Rd1 Bb6 36. Qe4 Qf6 37. c4 Nf7 38. Nh2 Qf5 39. d5 exd5 40. Qxf5 gxf5
41. Rxd5 Rd8 42. Rxf5 Nf8 43. Bd5 Rd7 44. Ng4 1-0

[Event "Münster- Bochum"]
[Site "?"]
[Date "2023.02.12"]
[Round "5.1"]
[White "Kotainy, Jens"]
[Black "Schmitzer, Klaus"]
[Result "0-1"]
[WhiteElo "2431"]
[BlackElo "2235"]
[PlyCount "60"]
[SourceVersionDate "2023.06.22"]

1. Nf3 Nf6 2. d4 b6 3. Bf4 Bb7 4. e3 e6 5. h3 Bd6 6. Bxd6 cxd6 7. Nbd2 O-O 8.
Bd3 d5 9. Ng5 h6 10. h4 Ba6 11. f4 Qc7 12. Bxa6 Nxa6 13. c3 b5 14. Qe2 b4 15.
c4 dxc4 16. Nxc4 Rac8 17. Nd2 Nb8 18. Nge4 Nxe4 19. Nxe4 Qc6 20. Nc5 d6 21. Nd3
a5 22. O-O Qe4 23. Rac1 Nd7 24. Nf2 Qd5 25. b3 f5 26. Qa6 Ra8 27. Qc6 Nf6 28.
Rfe1 a4 29. bxa4 Qxa2 30. Qxd6 Qxf2+ 0-1

[Event "Münster- Bochum"]
[Site "?"]
[Date "2023.02.12"]
[Round "5.2"]
[White "Wolter, Kai"]
[Black "Schlawin, Marlon"]
[Result "0-1"]
[WhiteElo "2214"]
[BlackElo "2297"]
[PlyCount "87"]
[SourceVersionDate "2023.06.22"]

1. e4 Nf6 2. e5 Nd5 3. d4 d6 4. c4 Nb6 5. exd6 cxd6 6. Nc3 g6 7. Be3 Bg7 8. Rc1
O-O 9. b3 e5 10. dxe5 dxe5 11. Qxd8 Rxd8 12. c5 N6d7 13. Nf3 Nf8 14. Bc4 Be6
15. Nb5 Nc6 16. O-O Bxc4 17. Rxc4 Ne6 18. b4 Rd3 19. Ne1 Rd7 20. Nc2 a5 21. a3
axb4 22. axb4 Ra2 23. Nd6 e4 24. Ne1 f5 25. b5 Ncd4 26. Ne8 Nxb5 27. Nxg7 Kxg7
28. Nc2 f4 29. Bc1 Ned4 30. Nb4 Ra4 31. Bb2 Kh6 32. Re1 f3 33. Kf1 Nb3 34. Bc1+
Nxc1 35. Rexc1 Rd4 36. Rxd4 Nxd4 37. Nd5 Nb3 38. Rd1 Nxc5 39. h4 Ra2 40. Nf4
fxg2+ 41. Kxg2 e3 42. Kf3 exf2 43. Ne2 Ne4 44. Nc1 0-1

[Event "Münster- Bochum"]
[Site "?"]
[Date "2023.02.12"]
[Round "5.3"]
[White "Tkachuk, Konstantyn"]
[Black "Wilde, Pierre"]
[Result "1/2-1/2"]
[WhiteElo "2255"]
[BlackElo "2261"]
[PlyCount "56"]
[SourceVersionDate "2023.06.22"]

1. e4 c5 2. Nf3 a6 3. c4 Nc6 4. d4 cxd4 5. Nxd4 e5 6. Nc2 Bc5 7. Nc3 Nf6 8. Bd3
d6 9. O-O h6 10. Rb1 O-O 11. b4 Ba7 12. Be3 Bxe3 13. Nxe3 Be6 14. Qd2 Nd4 15.
f4 exf4 16. Rxf4 Nc6 17. Ncd5 Nd7 18. Rbf1 Rc8 19. a3 Nce5 20. Be2 Nb6 21. Qd4
Nxd5 22. exd5 Bd7 23. c5 Qe7 24. Nf5 Bxf5 25. Rxf5 Ng6 26. Bh5 Nh8 27. cxd6
Qxd6 28. Re5 b5 1/2-1/2

[Event "Münster- Bochum"]
[Site "?"]
[Date "2023.02.12"]
[Round "5.4"]
[White "Wichtrup, Jan- Louis"]
[Black "Tkachuk, Sergij"]
[Result "1-0"]
[WhiteElo "2122"]
[BlackElo "2247"]
[PlyCount "153"]
[SourceVersionDate "2023.06.22"]

1. d4 Nf6 2. c4 g6 3. Nc3 Bg7 4. e4 d6 5. Nf3 O-O 6. Be2 e5 7. dxe5 dxe5 8.
Qxd8 Rxd8 9. Bg5 Re8 10. Nd5 Nxd5 11. cxd5 c6 12. Bc4 b5 13. Bb3 c5 14. a4 c4
15. Bd1 Ba6 16. axb5 Bxb5 17. Ba4 Bxa4 18. Rxa4 Rc8 19. O-O Nd7 20. Rfa1 f5 21.
Rxa7 Rxa7 22. Rxa7 fxe4 23. Nd2 Nf6 24. Bxf6 Bxf6 25. Nxe4 Bd8 26. Nd6 Rb8 27.
Nxc4 Rb4 28. Nxe5 Rxb2 29. Kf1 Bb6 30. Ra8+ Kg7 31. Nd3 Rb5 32. Nf4 g5 33. Ne6+
Kf6 34. Rf8+ Ke7 35. Rf5 h6 36. g3 Kd6 37. Ng7 Rxd5 38. Rf6+ Kc7 39. Rxh6 Ba5
40. Rf6 Bc3 41. Rf7+ Kd6 42. Kg2 Bxg7 43. Rxg7 Ke6 44. Ra7 Kf6 45. Ra4 Kf5 46.
h3 Rb5 47. h4 gxh4 48. Rxh4 Kg5 49. f4+ Kg6 50. Kf3 Ra5 51. Kg4 Ra4 52. Rh1 Rb4
53. Re1 Kf6 54. Ra1 Rb6 55. Ra3 Rc6 56. Kf3 Rb6 57. g4 Rc6 58. g5+ Kg6 59. Kg4
Rc4 60. Ra6+ Kg7 61. Re6 Kf7 62. Rf6+ Kg7 63. Kh5 Ra4 64. Rf5 Rb4 65. g6 Rb1
66. Rf7+ Kg8 67. f5 Rh1+ 68. Kg5 Ra1 69. Re7 Kf8 70. Kf6 Ra6+ 71. Re6 Ra8 72.
Re5 Ra6+ 73. Kg5 Ra1 74. f6 Ra8 75. g7+ Kf7 76. Re7+ Kg8 77. Kg6 1-0

[Event "Münster- Bochum"]
[Site "?"]
[Date "2023.02.12"]
[Round "5.7"]
[White "Fistoul, Michail"]
[Black "Virnyi, Julius"]
[Result "0-1"]
[WhiteElo "2064"]
[BlackElo "2105"]
[PlyCount "80"]
[SourceVersionDate "2023.06.22"]

1. d4 Nf6 2. c4 e6 3. Nc3 Bb4 4. a3 Bxc3+ 5. bxc3 c5 6. f3 Nc6 7. e4 d6 8. Be3
b6 9. Bd3 O-O 10. g4 Ba6 11. Nh3 Na5 12. Qe2 cxd4 13. cxd4 Rc8 14. Rc1 e5 15.
O-O Nb3 16. Rb1 Nxd4 17. Bxd4 exd4 18. Rbc1 Nd7 19. Nf4 Re8 20. Nd5 Bb7 21. Nb4
Ne5 22. Rfd1 Qf6 23. Kg2 Ng6 24. Kh1 a5 25. Nd5 Bxd5 26. cxd5 Qf4 27. Rc6 Ne5
28. Rxb6 Rc3 29. Rbb1 Rxa3 30. Ra1 Rc3 31. Rxa5 Rec8 32. Ra2 g6 33. Kg2 Rb3 34.
Rad2 Rcc3 35. h3 Qe3 36. Bc2 Qxe2+ 37. Rxe2 d3 38. Bxb3 dxe2 39. Re1 Nd3 40.
Rxe2 Nf4+ 0-1

[Event "Münster- Bochum"]
[Site "?"]
[Date "2023.02.12"]
[Round "5.8"]
[White "Junk, Phillip"]
[Black "Butschek, Marc"]
[Result "1-0"]
[WhiteElo "2084"]
[BlackElo "1971"]
[PlyCount "79"]
[SourceVersionDate "2023.06.22"]

1. e4 d6 2. Nf3 Nf6 3. Nc3 g6 4. Bc4 Bg7 5. d3 O-O 6. O-O Nbd7 7. h3 a5 8. a3
e5 9. Be3 c6 10. Qd2 Qc7 11. Ng5 b5 12. Ba2 h6 13. Bxf7+ Rxf7 14. Nxf7 Kxf7 15.
Bxh6 Nf8 16. Rae1 Ne6 17. Ne2 Bd7 18. Bxg7 Kxg7 19. f4 Rh8 20. f5 Qb6+ 21. Kh1
Nd4 22. Nxd4 Qxd4 23. c3 Qa4 24. Qg5 Rh6 25. Re3 Qb3 26. Rg3 Qf7 27. fxg6 Rxg6
28. Qe3 Rxg3 29. Qxg3+ Qg6 30. Qf3 Be6 31. g4 Qg5 32. Qf2 c5 33. b4 axb4 34.
axb4 c4 35. h4 Qg6 36. g5 Nd7 37. Qf3 cxd3 38. h5 Qf7 39. h6+ Kg6 40. Qxf7+ 1-0

[Event "Katernberg- Hansa Dortmund"]
[Site "?"]
[Date "2023.02.12"]
[Round "5.1"]
[White "Klyuner, Vyacheslav"]
[Black "Siebrecht, Sebastian"]
[Result "1/2-1/2"]
[WhiteElo "2430"]
[BlackElo "2369"]
[PlyCount "20"]
[SourceVersionDate "2023.06.22"]

1. e4 g6 2. d4 Bg7 3. Nc3 d6 4. h4 Nf6 5. Be2 h5 6. f3 a6 7. Be3 Nc6 8. Nh3 O-O
9. Qd2 e5 10. dxe5 Nxe5 1/2-1/2

[Event "Katernberg- Hansa Dortmund"]
[Site "?"]
[Date "2023.02.12"]
[Round "5.2"]
[White "Tomic, Bosko"]
[Black "Scholz, Christian"]
[Result "1-0"]
[WhiteElo "2423"]
[BlackElo "2339"]
[PlyCount "57"]
[SourceVersionDate "2023.06.22"]

1. e4 c5 2. Nf3 d6 3. Nc3 Nf6 4. d4 cxd4 5. Nxd4 a6 6. Bg5 e6 7. Bc4 b5 8. Bb3
Be7 9. O-O Qb6 10. a4 b4 11. Nce2 O-O 12. Ng3 Nbd7 13. a5 Qb7 14. Ba4 Qc7 15.
Nc6 Ne5 16. Nxe7+ Qxe7 17. Nh5 Kh8 18. Kh1 Qd8 19. f4 Ng6 20. Qe2 Bb7 21. e5
dxe5 22. fxe5 Nxh5 23. Bxd8 Nhf4 24. Rxf4 Nxf4 25. Qd2 Bxg2+ 26. Kg1 Raxd8 27.
Qxf4 Bh3 28. Qf3 Bf5 29. Rd1 1-0

[Event "Katernberg- Hansa Dortmund"]
[Site "?"]
[Date "2023.02.12"]
[Round "5.3"]
[White "Kotter, Ralf"]
[Black "Kueppers, Timo"]
[Result "1-0"]
[WhiteElo "2365"]
[BlackElo "2252"]
[PlyCount "63"]
[SourceVersionDate "2023.06.22"]

1. e4 c5 2. Nf3 d6 3. d4 cxd4 4. Nxd4 Nf6 5. Nc3 a6 6. Be3 e6 7. Qf3 Nbd7 8.
O-O-O Qc7 9. Qg3 h5 10. f3 h4 11. Qe1 b5 12. a3 Be7 13. Be2 Bb7 14. Kb1 Rc8 15.
g4 Nb6 16. g5 Nfd7 17. g6 Ne5 18. gxf7+ Kxf7 19. Rg1 Bf6 20. Bg5 Qe7 21. f4
Nec4 22. Bg4 Nxb2 23. Bxf6 Qxf6 24. Bxe6+ Ke8 25. e5 dxe5 26. fxe5 Qf8 27. Bxc8
Bxc8 28. Ne4 Nxd1 29. Nd6+ Kd8 30. Qa5 Kc7 31. Nxc8 Qc5 32. Ne6+ 1-0

[Event "Katernberg- Hansa Dortmund"]
[Site "?"]
[Date "2023.02.12"]
[Round "5.4"]
[White "Rosen, Bernd"]
[Black "Sundorf, Jannik"]
[Result "1-0"]
[WhiteElo "2309"]
[BlackElo "2189"]
[PlyCount "65"]
[SourceVersionDate "2023.06.22"]

1. c4 Nf6 2. g3 c5 3. Bg2 Nc6 4. Nc3 g6 5. e4 Bg7 6. Nge2 e5 7. d3 d6 8. h3 h6
9. O-O O-O 10. f4 Nd4 11. Nxd4 exd4 12. Ne2 Ne8 13. f5 g5 14. h4 Be5 15. hxg5
hxg5 16. Kf2 Ng7 17. Rh1 Re8 18. Ng1 f6 19. Bf3 Re7 20. Bh5 Nxh5 21. Qxh5 Qf8
22. Nf3 Qg7 23. Bd2 Bd7 24. b4 b6 25. b5 d5 26. Rh2 dxe4 27. dxe4 Be8 28. Qh6
Qxh6 29. Rxh6 Rh7 30. Rxh7 Kxh7 31. Bxg5 Bf7 32. Nxe5 fxe5 33. Bf6 1-0

[Event "Katernberg- Hansa Dortmund"]
[Site "?"]
[Date "2023.02.12"]
[Round "5.5"]
[White "Schiefelbusch, Dirk"]
[Black "Schimnatkowski, Lukas"]
[Result "0-1"]
[WhiteElo "2120"]
[BlackElo "2220"]
[PlyCount "54"]
[SourceVersionDate "2023.06.22"]

1. b4 c6 2. c4 d5 3. e3 Nf6 4. Bb2 Bf5 5. Nf3 e6 6. b5 Be7 7. Nc3 O-O 8. Be2
dxc4 9. Bxc4 a6 10. a4 axb5 11. axb5 Rxa1 12. Qxa1 Bd3 13. Bxd3 Qxd3 14. Ne5
Qd6 15. Nf3 cxb5 16. Nxb5 Qd3 17. Nc3 Nc6 18. Qb1 Nb4 19. Ne5 Qa6 20. d3 Ng4
21. Nxg4 Nxd3+ 22. Kd2 Rd8 23. Kc2 h5 24. Nh6+ gxh6 25. Ba1 Qc4 26. Qb5 Nb4+
27. Kc1 Qb3 0-1

[Event "Katernberg- Hansa Dortmund"]
[Site "?"]
[Date "2023.02.12"]
[Round "5.6"]
[White "Wessendorf, Thomas"]
[Black "Linker, Walter"]
[Result "1-0"]
[WhiteElo "2281"]
[BlackElo "2048"]
[Annotator "daniel"]
[PlyCount "99"]
[SourceVersionDate "2023.06.22"]

1. e4 e5 2. Nf3 Nc6 3. Bb5 a6 4. Ba4 d6 5. O-O Bg4 6. h3 Bh5 7. c3 Be7 8. d4 b5
9. Bb3 Nf6 10. Be3 O-O 11. Nbd2 exd4 12. cxd4 Na5 13. Bc2 c5 14. d5 Nd7 15. Bf4
Qb6 16. g4 Bg6 17. Bg3 Bf6 18. Rb1 c4 19. Kg2 Rfe8 $11 20. Nh4 Bxb2 21. Rxb2 c3
22. Rb1 cxd2 23. Nxg6 hxg6 24. Qxd2 Nc4 25. Qb4 Rac8 26. Rfe1 a5 27. Qxb5 Qc7
28. Ba4 Red8 29. Rbc1 Ndb6 30. Bb3 Qc5 31. Bxc4 Nxc4 32. Qxc5 Rxc5 33. f3 Rdc8
34. Bf2 R5c7 35. Kg3 Ne5 36. Rxc7 Rxc7 37. f4 Nd3 38. Re3 Nxf2 39. Kxf2 Rc2+
40. Re2 Rc3 41. Rb2 Rxh3 42. Rb8+ Kh7 43. Rd8 Ra3 44. Rxd6 Rxa2+ 45. Ke3 Ra3+
46. Kd4 Ra4+ 47. Kc5 Rxe4 48. Ra6 a4 49. d6 Re1 50. Rxa4 1-0

[Event "Katernberg- Hansa Dortmund"]
[Site "?"]
[Date "2023.02.12"]
[Round "5.7"]
[White "Krueger, Simon"]
[Black "Meyer, Armin"]
[Result "0-1"]
[WhiteElo "1997"]
[BlackElo "2199"]
[PlyCount "54"]
[SourceVersionDate "2023.06.22"]

1. d4 d5 2. Nf3 Nf6 3. g3 c6 4. Bg2 g6 5. O-O Bg7 6. b3 O-O 7. Bb2 a5 8. Nbd2
a4 9. c4 a3 10. Bc3 Ne4 11. Bb4 c5 12. cxd5 Nf6 13. Bxc5 b6 14. Bb4 Nxd5 15.
Ne5 Ra7 16. Bxd5 Qxd5 17. Ndf3 Qb5 18. Qd2 Nc6 19. Nxc6 Qxc6 20. Rac1 Qe4 21.
Rc3 Bh3 22. Rfc1 Rd8 23. Re3 Qa8 24. Rxe7 Rxe7 25. Bxe7 Rxd4 26. Qc2 h6 27. Rd1
Qe4 0-1